| 000 | 00477nam a22001817a 4500 | ||
|---|---|---|---|
| 003 | OSt | ||
| 005 | 20140310182026.0 | ||
| 008 | 130813t xxu||||| |||| 00| 0 eng d | ||
| 050 |
_aBF 371 _b.L865 1974 |
||
| 082 |
_aHS 153.1 _bL88 1974 |
||
| 100 |
_aLorayne, Harry _99819 |
||
| 245 |
_aThe memory book / _cHarry Lorayne |
||
| 260 |
_aNew York : _bBallantine Books, _cc1974. |
||
| 300 |
_a206 p. : _c18 cm. |
||
| 650 |
_aMemory. _99820 |
||
| 942 |
_2lcc _cHS _kHS |
||
| 999 |
_c8473 _d8473 |
||